Statistics for Island Territories

Click here to take the quiz!

General Stats

  • This quiz has been taken 23 times
  • The average score is 6 of 11

Answer Stats

Answer% Correct
Puerto Rico
100%
Guam
77%
American Samoa
69%
Christmas Island
62%
Niue
62%
Northern Mariana Islands
54%
Bermuda
46%
British Virgin Islands
38%
Montserrat
38%
Guadeloupe
31%
Easter Island
15%

Score Distribution

Percentile by Number Answered

Percent of People with Each Score

Your Score History

You have not taken this quiz